书目信息 |
| 题名: |
走向奥维耶多
|
|
| 作者: | 张立生 著 | |
| 分册: | ||
| 出版信息: | 北京 中国科学技术出版社 2016 |
|
| 页数: | 13,302页 | |
| 开本: | 24cm | |
| 丛书名: | 老科学家学术成长资料采集工程丛书 | |
| 单 册: | ||
| 中图分类: | K826.14=76 | |
| 科图分类: | ||
| 主题词: | 地球化学--di qiu hua xue--科学家--传记--中国--现代 | |
| 电子资源: | ||
| ISBN: | 978-7-5046-7110-3 | |
| 000 | 01398nam0 22003011 450 | |
| 001 | 0120082238 | |
| 005 | 20170320082238.0 | |
| 010 | @a978-7-5046-7110-3@dCNY68.00 | |
| 100 | @a20160815d2016 em y0chiy50 ea | |
| 101 | 0 | @achi |
| 102 | @aCN@b110000@b310000 | |
| 105 | @aa z 000yb | |
| 106 | @ar | |
| 200 | 1 | @a走向奥维耶多@9zou xiang ao wei ye duo@e谢学锦传@f张立生著 |
| 210 | @a北京@c中国科学技术出版社@a上海@c上海交通大学出版社@d2016 | |
| 215 | @a13,302页@c照片@d24cm | |
| 225 | 2 | @a老科学家学术成长资料采集工程丛书@9lao ke xue jia xue shu cheng chang zi liao cai ji gong cheng cong shu@f王春法, 张藜 |
| 225 | 2 | @a中国科学院院士传记丛书@9zhong guo ke xue yuan yuan shi chuan ji cong shu |
| 330 | @a本书以时间发展为主线,同时兼顾研究项目的完整性的叙述方式,将全书划分为十二章,叙述地球化学家谢学锦的主要学术与人生经历,将其家庭背景、求学历程、师承关系,以及对其学术风格、科学成就产生深刻影响的工作环境、学术交往中的关键人物、重大事件和重要节点等内容。 | |
| 461 | 0 | @12001 @a老科学家学术成长资料采集工程丛书@f王春法, 张藜 |
| 461 | 0 | @12001 @a中国科学院院士传记丛书 |
| 517 | 1 | @a谢学锦传@9xie xue jin chuan |
| 606 | 0 | @a地球化学@9di qiu hua xue@x科学家@x传记@y中国@z现代 |
| 610 | 0 | @a谢学锦(1923- )@Axie xue jin (1923- ) |
| 690 | @aK826.14=76@v5 | |
| 701 | 0 | @a张立生@9zhang li sheng@c(地质)@4著 |
| 801 | 0 | @aCN@bTANGWEI@c20170308 |
| 905 | @b0957327-9@dK826.14=76@e83@f3 | |
| 走向奥维耶多:谢学锦传/张立生著.-北京:中国科学技术出版社;上海:上海交通大学出版社,2016 |
| 13,302页:照片;24cm.-(老科学家学术成长资料采集工程丛书/王春法, 张藜).-(中国科学院院士传记丛书) |
| ISBN 978-7-5046-7110-3:CNY68.00 |
| 本书以时间发展为主线,同时兼顾研究项目的完整性的叙述方式,将全书划分为十二章,叙述地球化学家谢学锦的主要学术与人生经历,将其家庭背景、求学历程、师承关系,以及对其学术风格、科学成就产生深刻影响的工作环境、学术交往中的关键人物、重大事件和重要节点等内容。 |
| ● |
| 相关链接 |
|
|
|
|
正题名:走向奥维耶多
索取号:K826.14=76/83
 
预约/预借
| 序号 | 登录号 | 条形码 | 馆藏地/架位号 | 状态 | 备注 |
| 1 | 0957327 | 209573273 | 第二样本阅览室/ [索取号:K826.14=76/83] | 在馆 | |
| 2 | 0957328 | 209573282 | 第二借阅区/ [索取号:K826.14=76/83] | 在馆 | |
| 3 | 0957329 | 209573291 | 第二借阅区/ [索取号:K826.14=76/83] | 在馆 |